|
|
|
|
| LEADER |
00000nam0a2200000 4500 |
| 001 |
224361 |
| 005 |
20231101230602.0 |
| 010 |
|
|
|a 5020288373
|
| 020 |
|
|
|a RU
|b 90-17633ж
|
| 035 |
|
|
|a (RuTPU)RU\TPU\book\244666
|
| 090 |
|
|
|a 224361
|
| 100 |
|
|
|a 20121025a1990 k a0rusy5003 ca
|
| 101 |
0 |
|
|a rus
|
| 102 |
|
|
|a RU
|
| 105 |
|
|
|a y z 001zy
|
| 200 |
1 |
|
|a Динамика тепло- и массообмена в ортомагматических флюидных системах
|f В. Н. Шарапов, Ю. А. Аверкин
|g Академия наук СССР (АН СССР), Сибирское отделение (СО), Институт геологии и геофизики (ИГиГ) ; под ред. В. И. Сотникова
|
| 210 |
|
|
|a Новосибирск
|c Наука
|d 1990
|
| 215 |
|
|
|a 198,[2] с.
|c ил.
|d 24 см
|
| 225 |
1 |
|
|a Труды института геологии и геофизики СО АН СССР
|v Вып. 721
|
| 320 |
|
|
|a Библиогр.: с. 189-198.
|
| 606 |
1 |
|
|a Флюиды
|2 stltpush
|3 (RuTPU)RU\TPU\subj\64032
|9 80962
|
| 610 |
1 |
|
|a рудообразование
|
| 610 |
1 |
|
|a моделирование
|
| 610 |
1 |
|
|a массообмен
|
| 610 |
1 |
|
|a ортомагматические системы
|
| 610 |
1 |
|
|a магматические системы
|
| 610 |
1 |
|
|a кипение
|
| 610 |
1 |
|
|a магма
|
| 610 |
1 |
|
|a теплообмен
|
| 675 |
|
|
|a 552.112
|z rus
|v 3
|
| 700 |
|
1 |
|a Шарапов
|b В. Н.
|g Виктор Николаевич
|4 070
|
| 701 |
|
1 |
|a Аверкин
|b Ю. А.
|g Юрий Анатольевич
|4 070
|
| 702 |
|
1 |
|a Сотников
|b В. И.
|4 340
|
| 712 |
0 |
2 |
|a Академия наук СССР (АН СССР)
|b Сибирское отделение (СО)
|b Институт геологии и геофизики (ИГиГ)
|c (Новосибирск)
|2 stltpush
|3 (RuTPU)RU\TPU\col\128
|
| 801 |
|
0 |
|a RU
|b RuMRKP
|c 19950417
|g psbo
|
| 801 |
|
1 |
|a RU
|b 63413507
|c 20121025
|
| 801 |
|
2 |
|a RU
|b 63413507
|c 20131008
|g RCR
|
| 942 |
|
|
|c BK
|